Текст томруулах:    
Business process reengineering (Бичлэгийн дугаар. 146170)
000 -УДИРДЛАГА
Удирдлага 01025nam a22003257a 4500
003 - ХЯНАЛТЫН ТОО ТОДОРХОЙЛОГЧ
Код MN-UlNUM
005 - БИЧИЛТ ХИЙСЭН ОГНОО
Тухайн бичилтийг бичсэн засварласан сүүлийн огноо 20260113095419.0
008 - ЕРӨНХИЙ МЭДЭЭЛЭЛ
Ерөнхий мэдээлэл 260113s1993 enkab||| |||| 001 0 eng |
020 ## - ISBN
ISBN 0471938831
040 ## - БИЧЛЭГ ҮҮСГЭГЧ БАЙГУУЛЛАГА
Бичлэг үүсгэгч номын сангийн код МУИС-ийн номын сан
084 ## - ББК АНГИЛАЛ
Нэмэлт тусгалт Бусад
ББК ангилал 65.290-2
Зохиогчийн гурван тэмдэгт B 97
Мэдлэгийн ялгаа 65 - Эдийн засаг
245 00 - ҮНДСЭН ГАРЧИГ
Номын нэр Business process reengineering
Бага гарчгийн мэдээ Breakpoint strategies for market dominance
Оролцогчдын тухай мэдээ Henry J. Johansson ... [et al.].
260 ## - ГАРАЛТЫН МЭДЭЭ
Хэвлэгдсэн газар New York :
Хэвлэлийн газар Wiley,
Хэвлэгдсэн он 1993.
300 ## - МАТЕРИАЛЫН ТОДОРХОЙЛОЛТ
хуудасны тоо xiv, 241 p. :
Бусад тоон мэдээлэл ill. ;
Хэмжээ 24 cm.
500 ## - Тайлбар
Дансны дугаар БС 4954
546 ## - ХЭЛНИЙ ТУХАЙ МЭДЭЭ
Хэл Англи хэл дээр,
653 ## - Түлхүүр үг
Түлхүүр үг total quality management
653 ## - Түлхүүр үг
Түлхүүр үг just-in-time systems
653 ## - Түлхүүр үг
Түлхүүр үг industrial management
653 ## - Түлхүүр үг
Түлхүүр үг reengineering (Management)
700 1# - ХАМ ЗОХИОГЧИД
Ба бус Johansson, Henry J.
740 ## - НОМЫН ГАРЧИГ
Гарчиг What is the New Thinking?
740 ## - НОМЫН ГАРЧИГ
Гарчиг Why the New Thinking?
740 ## - НОМЫН ГАРЧИГ
Гарчиг Understanding Processes
740 ## - НОМЫН ГАРЧИГ
Гарчиг Putting the China Back Together
740 ## - НОМЫН ГАРЧИГ
Гарчиг Searching for BreakPoints
942 ## - ЭЛЕМЕНТИЙН ТӨРӨЛ
Зүйлийн төрөл Ном